| 000 | 00718nam a22002297a 4500 | ||
|---|---|---|---|
| 005 | 20170124110031.0 | ||
| 010 | _aA-410984 | ||
| 020 |
_c100.00 _a8185119864 |
||
| 035 | _aA-410984 | ||
| 037 | _bCen Lib/Ret | ||
| 040 |
_aDPL _bEN |
||
| 082 |
_a401 _bREK |
||
| 100 |
_aRekha, Aslam _921817 |
||
| 245 |
_aLinguistic differences in speaking and writing / _cby Aslam Rekha |
||
| 260 |
_aNew Delhi _bNorthern Book Center _c1990 |
||
| 270 |
_a4221/1,Ansari Road Darya Ganj _bNew Delhi _e110002 |
||
| 300 |
_axvii,82p. _c21cm(Hb) |
||
| 500 | _aIncludes bibliographical reference and index | ||
| 650 |
_aLinguistics _921818 |
||
| 650 |
_aLinguistic Competence _921819 |
||
| 942 |
_2ddc _cEN _h401 _mREK |
||
| 999 |
_c127883 _d127883 |
||